Fr. Conceicao Rodrigues College of Engineering

FRIENDSHIP FACTOR (Record no. 30086)

MARC details
000 -LEADER
fixed length control field 00341nam a2200157Ia 4500
082 ## - DEWEY DECIMAL CLASSIFICATION NUMBER
Classification number 170/MCG
Item number MCG
100 ## - MAIN ENTRY--PERSONAL NAME
Personal name MCGINNIS/ALAN JOY.
245 ## - TITLE STATEMENT
Title FRIENDSHIP FACTOR
260 ## - PUBLICATION, DISTRIBUTION, ETC.
Name of publisher, distributor, etc. Better Yourself Books
Place of publication, distribution, etc. Bandra
Date of publication, distribution, etc. 1979
300 ## - PHYSICAL DESCRIPTION
Extent 272
546 ## - LANGUAGE NOTE
Language note ENGLISH
650 ## - SUBJECT ADDED ENTRY--TOPICAL TERM
Topical term or geographic name entry element Philosophy
654 ## - SUBJECT ADDED ENTRY--FACETED TOPICAL TERMS
Focus term FRIENDSHIP
942 ## - ADDED ENTRY ELEMENTS (KOHA)
Koha item type BOOK
Holdings
Withdrawn status Lost status Damaged status Not for loan Collection Home library Current library Date acquired Source of acquisition Inventory number Total Checkouts Full call number Barcode Date last seen Price effective from Koha item type
        CRC Fr. Agnel's C.Rodrigues College of Engineering Fr. Agnel's C.Rodrigues College of Engineering 17/03/2023 Better Yourself Books 1028/DT.04/09/2007   170/MCG MCG 17796 17/03/2023   BOOK